000
00279nam a22001337a 4500
008
170131b xxu||||| |||| 00| 0 eng d
020
_a
9781563637896
041
_a
eng
080
_a
61
100
_a
3
101
_a
SHMI
245
_a
NEOFAX 2011
_c
REUTERS, TH
942
_2
udc
_c
BK
999
_c
4045
_d
4045